000 00687nam a2200205 i 4500
001 2687827
005 19760913000000.0
008 760826t19741973ke 000 1 eng
010 _a 74980147
020 _a0582608996
040 _aDLC
_cDLC
_dDLC
050 0 0 _aPZ4
_b.R93 1973
100 1 _aRuheni, Mwangi.
245 1 0 _aWhat a husband! /
_cMwangi Ruheni.
260 _aNairobi :
_bLongman,
_cc1973.
300 _a207 p. ;
_c20 cm.
906 _a7
_bcbc
_corignew
_du
_encip
_f19
_gy-gencatlg
942 _2lcc
_cBK
999 _c36812
_d36812